Statistics for Guess the Element Quiz 1

Click here to take the quiz!

General Stats

  • This quiz has been taken 9 times
  • The average score is 7 of 15

Answer Stats

HintAnswer% Correct
Earth's most abundant elementoxygen
100%
Lightest elementhydrogen
88%
Forms about 78% of Earth's atmospherenitrogen
88%
Has W as symboltungsten
88%
Second noble gas in the periodic tableneon
75%
Comes from the common Japanese name for Japannihonium
50%
Discovered by Marie and Pierre Curie in 1898radium
50%
Named by Martin Heinrich Klaproth after the Titans of Greek mythologytitanium
50%
The most abundant metal in the human bodycalcium
38%
Also known as quicksilvermercury
38%
Second-lightest of the halogenschlorine
25%
Has the highest atomic number and highest atomic mass of all known elements as of 2024oganesson
25%
Element with the highest atomic mass whose nuclei do not spontaneously decaybismuth
0%
The heaviest of the stable halogensiodine
0%
Tenth most abundant element by mass in the universe and the fifth most abundant on Earthsulfur
0%

Score Distribution

Percentile by Number Answered

Percent of People with Each Score

Your Score History

You have not taken this quiz